| 000 | 00805nam a2200217Ii 4500 | ||
|---|---|---|---|
| 003 | JO-AjNU | ||
| 008 | 230605s9999||||xx |||||||||||||| ||und|| | ||
| 017 | _a1997/7296 | ||
| 020 | _a977-01-5224-2 | ||
| 040 |
_aJO-AjNU _bara _erda _cJO-AjNU |
||
| 041 | _aara | ||
| 050 | 1 | 4 | _aBP189.B34 1997 |
| 100 | 3 |
_aبالي، مرفت عزت ؛ تصدير عاطف العراقي, _eauthor _940702 |
|
| 245 | 0 | 0 | _aمن قضايا الفكر الفلسفي والعلمي عند العرب : مذاهب وشخصيات |
| 264 | 3 | 1 | _aالقاهرة: الهيئة المصرية العامة للكتاب، 1997 |
| 300 | _a312ص | ||
| 336 |
_atext _btxt _2rdacontent |
||
| 337 |
_aunmediated _bn _2rdamedia |
||
| 338 |
_avolume _bnc _2rdacarrier |
||
| 650 | 4 |
_aالفلسفة الاسلامية- التصوف _940703 |
|
| 999 |
_aA17295 _c20863 _d20863 |
||